| 000 | 01000cab a2200265 4500 | ||
|---|---|---|---|
| 001 | W12723 | ||
| 008 | 090401t1996 xxu||||| |||| 00| 0 eng d | ||
| 035 | _a(Sirsi) u54451 | ||
| 041 | _aeng | ||
| 245 | _aTenants` association barred | ||
| 260 | _c1996 | ||
| 350 | _a0 | ||
| 490 |
_aEstates Gazette Case Summaries _v[1996] EGCS 20(1) (17/02/96) |
||
| 520 | _a"R v Brent LBC ex parte Morris and another" QBD 8 February 1996. An application by tenants of the Chalkhill Estate to review Brent`s decision to withdraw its recognition of their residents` association and refusal to allow its involvement in the housing board. Application dismissed. | ||
| 650 | _aCHALKHILL ESTATE | ||
| 650 | _aCHALKHILL RESIDENTS MANAGEMENT BOARD | ||
| 650 | _aHOUSING ACT 1985 S105 | ||
| 650 | _aHOUSING BOARDS | ||
| 650 | _aR V BRENT LBC EX P MORRIS AND ANOTHER | ||
| 650 | _aRESIDENTS ASSOCIATION | ||
| 650 | _aTENANTS ASSOCIATIONS | ||
| 690 | _aHOUSING-CASE LAW | ||
| 942 | _n0 | ||
| 948 | _c04/03/1997 | ||
| 999 |
_c33376 _d33376 |
||